| Поле | Название | Значение |
| |
Тип записи |
a |
| |
Библиографический уровень |
m |
| 001 |
Контрольный номер |
RU/SLIB/B/208786403 |
| 005 |
Дата корректировки |
20201206204403.1 |
| 010 |
Индекс ISBN |
__ |
| a |
ISBN |
5-94201-417-5 |
| d |
Цена |
258-94 |
| 021 |
№ государственной регистрации |
__ |
| b |
№ документа |
2005-16689 |
| b |
№ документа |
851 |
| 100 |
Данные общей обработки |
__ |
| a |
Данные общей обработки |
19050629d2005 |||y0rusy0189 ca |
| 101 |
Язык документа |
1_ |
| a |
Язык текста |
rus |
| d |
Язык резюме |
eng |
| c |
Язык оригинала |
rus |
| 102 |
Страна публикации |
__ |
| a |
Страна публикации |
RU |
| 105 |
Кодированные данные (монография) |
__ |
| a |
Кодированные данные (монография) |
y |||||||zy |
| 200 |
Заглавие и сведения об ответственности |
1_ |
| a |
Заглавие |
От общины к сложной государственности в античном Средиземноморье |
| f |
Первые сведения об ответственности |
Т. П. Евсеенко ; Ассоц. Юрид. центр |
| b |
Общее обозначение материала |
Текст |
| 210 |
Выходные данные |
__ |
| a |
Место издания |
СПб. |
| c |
Издательство |
Юрид. центр Пресс |
| d |
Дата издания |
2005 |
| 215 |
Физическое описание |
__ |
| a |
Объем |
264 с. |
| 225 |
Серия |
__ |
| a |
Серия |
Теория и история государства и права |
| 300 |
Общие примечания |
__ |
| a |
Общие примечания |
Рез. на англ. яз. |
| a |
Общие примечания |
Авт. также на англ. яз.: T.P. Yevseenko |
| 320 |
Библиография |
__ |
| a |
Библиография |
Библиогр.: с. 248-261 (234 назв.) и в подстроч. примеч. |
| 330 |
Аннотация |
__ |
| a |
Аннотация |
Исследована форма государственного устройства в античном мире. Особенности общинной и территориальной государственности. Для юристов, преподавателей и студентов. |
| 517 |
Другие варианты заглавия |
__ |
| a |
Другие варианты заглавия |
From the community to complex statehood in ancient Mediterranean region |
| 600 |
Персоналии |
__ |
| a |
Персоналии (Фамилия) |
Гай Марий |
| 606 |
Тематические рубрики |
__ |
| a |
Основная рубрика |
Право |
| y |
Географическая подрубрика |
Балканы; Северная Африка; Италия; Древний Рим; Средиземноморье; Римская республика |
| 606 |
Тематические рубрики |
__ |
| a |
Основная рубрика |
История государства и права |
| 610 |
Ключевые слова |
__ |
| a |
Ключевые слова |
античность; история государства; государственное устройство; государственное управление; государственность; полисы; общины; военные реформы; полисная государственность |
| 686 |
Индексы других классификаций |
__ |
| a |
Классификационный индекс |
67.3(0)32 |
| 700 |
Автор |
_1 |
| a |
Фамилия |
Евсеенко |
| b |
Имя |
Т. П. |
| g |
Полное личное имя |
Тимур Петрович |
| 4 |
Код отношения |
070 |
| 801 |
Источник записи |
_0 |
| a |
Страна |
RU |
| b |
Организация |
Муниципальное бюджетное учреждение культуры "Централизованная библиотечная система" г. Сургут (Центральная городская библиотека им. А. С. Пушкина) |
| c |
Дата составления |
20050629 |
| g |
Правила каталогизации |
КиК/Котельникова |
| 801 |
Источник записи |
_1 |
| a |
Страна |
RU |
| b |
Организация |
Муниципальное бюджетное учреждение культуры "Централизованная библиотечная система" г. Сургут (Центральная городская библиотека им. А. С. Пушкина) |
| c |
Дата составления |
20050629 |
| g |
Правила каталогизации |
КиК/Котельникова |
| 852 |
Данные о местонахождении |
__ |
| j |
Шифр хранения |
67.3(0)32 |
| c |
Каталожный индекс |
67.3 |
| i |
Авторский знак |
Е 25 |
| 901 |
Тип документа |
__ |
| t |
Тип документа |
m |
| 903 |
Характеристики (МАРС) |
__ |
| a |
Дата передачи |
20060407 |
| 990 |
Данные о заказе (DOS) |
__ |
| t |
N записи в КСУ для И/У (DOS) |
200604 |
| j |
Количество экземпляров (DOS) |
1 |